Statistics for Most Recognizable Flags

Click here to take the quiz!

General Stats

  • This quiz has been taken 63 times
  • The average score is 13 of 16

Answer Stats

% GuessedFlag% Correct
84China
98%
98United Kingdom
98%
99United States
96%
89Russia
95%
93France
93%
97Canada
89%
96Australia
87%
92Italy
85%
88Japan
85%
87Brazil
78%
84Sweden
71%
91New Zealand
67%
86South Korea
62%
89Ireland
60%
83Greece
55%
83Netherlands
38%

Score Distribution

Percentile by Number Answered

Percent of People with Each Score

Your Score History

You have not taken this quiz